| 000 | 00630nam a2200205 a 4500 | ||
|---|---|---|---|
| 005 | 20250220063748.0 | ||
| 008 | 060403s2003 000 eng d | ||
| 020 | _a9582007435 | ||
| 035 | _aUPN01000145106 | ||
| 049 | _aCG | ||
| 050 | 4 |
_aPN6084 E3.8 _bM3.9 |
|
| 245 | 0 | 0 |
_aMáximas docentes / _cselecc., presentación y notas Martha Molano y Claudia Oramas. |
| 260 |
_aBogotá : _bMagisterio, _c2003. |
||
| 300 |
_a148 p. : _bil. |
||
| 440 | 0 | _aEdiciones especiales | |
| 650 | 4 |
_aEducación _vCitas, máximas, etc. _9445 |
|
| 650 | 4 |
_aMotivación en la educación _97552 |
|
| 700 | 1 |
_aMolano, Martha, _ecomp. |
|
| 905 | _aLibro | ||
| 999 |
_c117253 _d117253 |
||